| 000 | 00827nam a22003017a 4500 | ||
|---|---|---|---|
| 005 | 20170920160642.0 | ||
| 008 | 170817b xxu||||| |||| 00| 0 spa d | ||
| 020 | _a9786071717801 | ||
| 041 | _aspa | ||
| 082 | _a1.0.56 M778t | ||
| 100 |
_aMonterrubio Cordero, Juan Carlos _943779 |
||
| 245 | _aTurismo no convencional: impactos socioculturales | ||
| 260 | _aMexico | ||
| 260 | _bTrillas | ||
| 260 | _c2013 | ||
| 650 |
_aTURISMO _9894 |
||
| 650 |
_aSOCIEDAD _9545 |
||
| 650 |
_aECOLOGÍA HUMANA _9932 |
||
| 650 |
_aCONDUCTA DE VIDA _917417 |
||
| 650 |
_aTURISMO DE EVENTOS _943780 |
||
| 650 |
_aECOTURISMO _9923 |
||
| 650 |
_aTURISMO INDÍGENA _943781 |
||
| 650 |
_aTURISMO RELIGIOSO _939945 |
||
| 650 |
_aTURISMO JUVENIL _943782 |
||
| 650 |
_aTURISMO SEXUAL _9162 |
||
| 650 |
_aTURISMO GAY _943783 |
||
| 942 | _cBK | ||
| 999 |
_c9739 _d9739 |
||